000 00632nam a2200217 a 4500
001 BRCA_6768
005 20190320205601.0
008 251011s1952----nyu#######---#000-0#eng-#
041 _aeng
044 _anyu
050 4 _aRA982
_b.N5 M68
_c1952
245 1 0 _aThe first hundred years of
_bthe Mount Sinai Hospital of New York, 1852-1952
_cJoseph Hirsh & Beka Dohery
260 _aNueva York
_bRandom
_c1952
300 _a364 p.
_bil.
_c20 cm.
500 _aI134
650 1 4 _aMount Sinai Hospital of New York
_916890
650 1 4 _aHospitales
_99152
700 1 _aDoherty, Beka.
_ecoautor.
_916891
902 _aGFM
942 _2lcc
_cB
999 _c6451
_d6451